K 2 (Record no. 80873)

MARC details
000 -LEADER
campo de control de longitud fija 00693nam a2200193 i 4500
001 - NÚMERO DE CONTROL
campo de control 80873
003 - IDENTIFICADOR DE NÚMERO DE CONTROL
campo de control ES-MaACL
005 - FECHA Y HORA DE LA ÚLTIMA TRANSACCIÓN
campo de control 20230906174322.0
007 - CAMPO FIJO DE DESCRIPCIÓN FÍSICA--INFORMACIÓN GENERAL
campo de control de longitud fija t|
008 - DATOS DE LONGITUD FIJA--INFORMACIÓN GENERAL
campo de control de longitud fija 041102s1956 sp ||||1| spa d
100 1# - ENTRADA PRINCIPAL--NOMBRE DE PERSONA
Nombre de persona Houston, Charles S.
9 (RLIN) 64358
245 10 - MENCIÓN DEL TÍTULO
Título K 2
Resto del título : la montaña salvaje /
Mención de responsabilidad, etc. por Charles s. Houston, Robert H. Bates y los componentes de la tercera expedición americana al Karakorum ; [traducción del inglés por Manuel Torrente].
250 ## - MENCION DE EDICION
Mención de edición [1ª ed.].
260 ## - PUBLICACIÓN, DISTRIBUCIÓN, ETC.
Lugar de publicación, distribución, etc. Barcelona :
Nombre del editor, distribuidor, etc. Planeta,
Fecha de publicación, distribución, etc. 1956 (
Fabricante Juvenil)
300 ## - DESCRIPCIÓN FÍSICA
Extensión 335 p., 12 lám. ;
Dimensiones 21 cm.
700 1# - ENTRADA AGREGADA--NOMBRE PERSONAL
Nombre de persona Bates, Robert H.
9 (RLIN) 26415
700 1# - ENTRADA AGREGADA--NOMBRE PERSONAL
Nombre de persona Torrente, Manuel.
9 (RLIN) 110848
852 ## - LOCALIZACIÓN
Ubicación ES-MaACL
Número de control de estantería C-11558
Sublocalización o colección R.39358
Holdings
Estatus retirado Estado de pérdida Estado de daño No para préstamo Biblioteca de origen Biblioteca actual Ubicación en estantería Fecha de adquisición Fuente de adquisición Total de préstamos Signatura topográfica completa Código de barras Visto por última vez Precio de reemplazo Tipo de ítem Koha
        Biblioteca del Ateneo de Madrid Biblioteca del Ateneo de Madrid Sala Palomar 17/01/2008     C-11558 1084549 23/02/2023 23/02/2023 Libro impreso